ESPN Top 25 NBA Players of 21st Century - Statistics

General Stats
  • This quiz has been taken 272 times
  • The average score is 19 of 25
Answer Stats
# Player % Correct
1 Lebron James
100%
9 Kevin Durant
96%
2 Kobe Bryant
96%
3 Stephen Curry
95%
23 Russell Westbrook
89%
4 Tim Duncan
89%
13 James Harden
88%
5 Shaquille O'Neal
88%
7 Nikola Jokic
87%
11 Giannis Antetokounmpo
84%
8 Dwyane Wade
81%
6 Kevin Garnett
79%
10 Dirk Nowitzki
78%
15 Chris Paul
75%
16 Kawhi Leonard
75%
21 Tony Parker
71%
12 Steve Nash
69%
25 Luka Doncic
64%
18 Allen Iverson
61%
19 Anthony Davis
59%
17 Manu Ginobili
57%
20 Ray Allen
56%
14 Jason Kidd
54%
24 Pau Gasol
53%
22 Draymond Green
50%
No matching quizzes found
Score Distribution
Percent of People with Each Score
Percentile by Number Answered
Your Score History
You have not taken this quiz